Physics / (Record no. 8177)
[ view plain ]
| 000 -LEADER | |
|---|---|
| fixed length control field | 01055nam a2200349 4500 |
| 001 - CONTROL NUMBER | |
| JCCL Control Number | 8177 |
| 003 - CONTROL NUMBER IDENTIFIER | |
| JCCL marc code | BD - JhCC |
| 005 - DATE AND TIME OF LATEST TRANSACTION | |
| control field | 20230814122307.0 |
| 008 - FIXED-LENGTH DATA ELEMENTS--GENERAL INFORMATION | |
| fixed length control field | 911002s1992 nyua 001 0 eng |
| 020 ## - INTERNATIONAL STANDARD BOOK NUMBER | |
| International Standard Book Number | 0471804584 (lib. bdg. : v. 1) |
| 020 ## - INTERNATIONAL STANDARD BOOK NUMBER | |
| International Standard Book Number | 0471804576 (v. 2) |
| 035 ## - SYSTEM CONTROL NUMBER | |
| system control number | (BD - JhCC)8177 |
| 035 ## - SYSTEM CONTROL NUMBER | |
| system control number | (OCoLC)24626959 |
| 035 ## - SYSTEM CONTROL NUMBER | |
| system control number | GLIS00620679 |
| 040 ## - CATALOGING SOURCE | |
| Original cataloging agency | DLC |
| Transcribing agency | DLC |
| Modifying agency | MYG |
| -- | BD - JhCC |
| 041 ## - LANGUAGE CODE | |
| Language code of Book | eng |
| 050 00 - LIBRARY OF CONGRESS CALL NUMBER | |
| Classification number | QC21.2 |
| Item number | .R47 1992 |
| 082 ## - DEWEY DECIMAL CLASSIFICATION NUMBER | |
| Classification number | 530 |
| Author mark and Year | RES 1992 |
| 099 ## - LOCAL FREE-TEXT CALL NUMBER | |
| Classification number | QC21.2.R47 1992 |
| 100 1# - MAIN ENTRY--PERSONAL NAME | |
| Personal name | Resnick, Robert, |
| Dates associated with a name | 1923-2014. |
| 245 10 - TITLE STATEMENT | |
| Title | Physics / |
| Statement of responsibility, etc | Robert Resnick, David Halliday, |
| 250 ## - EDITION STATEMENT | |
| Edition statement | 4th ed. |
| 260 ## - PUBLICATION, DISTRIBUTION, ETC. (IMPRINT) | |
| Place of publication, distribution, etc | New York : |
| Name of publisher, distributor, etc | Wiley, |
| Date of publication, distribution, etc | c1992. |
| 300 ## - PHYSICAL DESCRIPTION | |
| Pagination | 3 v. : |
| Other physical details | ill. ; |
| Dimensions | 29 cm. |
| 500 ## - GENERAL NOTE | |
| General note | Vol. 2 and vol. 2, extended by David Halliday, Robert Resnick, Kenneth S. Krane. |
| 500 ## - GENERAL NOTE | |
| General note | Includes indexes. |
| 650 #0 - SUBJECT ADDED ENTRY--TOPICAL TERM | |
| Topical term or geographic name as entry element | Physics. |
| 700 1# - ADDED ENTRY--PERSONAL NAME | |
| Personal name | Halliday, David, |
| Dates associated with a name | 1916-2010. |
| 942 ## - ADDED ENTRY ELEMENTS (KOHA) | |
| Source of classification or shelving scheme | Dewey Decimal Classification |
| Koha item type | Books |
| Koha issues (borrowed), all copies | 4 |
| 949 ## - LOCAL PROCESSING INFORMATION (OCLC) | |
| a | MYGY |
| v | 2 |
| b | 39080007835231 |
| Source of classification or shelving scheme | Damaged status | Not for loan | Home library | Current library | Shelving location | Date of accession | Total Checkouts | Full call number | Barcode | Date last seen | Date checked out | Copy number | Koha item type | Source of acquisition | Cost, normal purchase price | volume number | Method of acquisition | Currency |
|---|---|---|---|---|---|---|---|---|---|---|---|---|---|---|---|---|---|---|
| Dewey Decimal Classification | JCC Rouf Library | JCC Rouf Library | General Stacks | 07/01/2024 | 1 | 530 RES 1992 | 8515 | 07/07/2024 | 07/01/2024 | C - 1 | Books | |||||||
| Dewey Decimal Classification | JCC Rouf Library | JCC Rouf Library | General Stacks | 5 | 530 RES 1992 | 11731 | 12/12/2022 | 11/30/2022 | C - 2 | Books | Zahedi Foundation | 135.00 | ||||||
| Dewey Decimal Classification | JCC Rouf Library | JCC Rouf Library | General Stacks | 06/23/2023 | 530 RES 1992 | 18122 | 08/14/2023 | C-1 | Books | V-2 | Purchase | BDT |